MARC

LEADER 00000nam0a2200000 4500
001 193262
005 20231101224455.0
035 |a (RuTPU)RU\TPU\book\210779 
090 |a 193262 
100 |a 20110322d1973 m y0rusy50 ca 
101 0 |a rus 
102 |a RU 
105 |a y z 001zy 
200 1 |a Теория распознавания образов в экономических исследованиях  |f Б. Б. Розин  |g Академия наук СССР (АН СССР), Сибирское отделение (СО), Институт экономики и организации промышленного производства (ИЭОПП) 
210 |a Москва  |c Статистика  |d 1973 
215 |a 224 с. 
320 |a Библиогр.: с. 218-222. 
606 1 |a Экономика  |x Статистические методы  |2 stltpush  |3 (RuTPU)RU\TPU\subj\26552  |9 50453 
610 1 |a экономические исследования 
610 1 |a распознавание образов 
610 1 |a экономические показатели 
610 1 |a информативность 
610 1 |a дискретные модели 
610 1 |a применение 
610 1 |a моделирование 
686 |a Ув631.8  |2 rubbk 
700 1 |a Розин  |b Б. Б.  |g Бенциан Борисович 
712 0 2 |a Академия наук СССР (АН СССР)  |b Сибирское отделение (СО)  |b Институт экономики и организации промышленного производства (ИЭОПП)  |c (Новосибирск)  |2 stltpush  |3 (RuTPU)RU\TPU\col\12174 
801 1 |a RU  |b 63413507  |c 20110322 
801 2 |a RU  |b 63413507  |c 20230410  |g RCR 
942 |c BK